00636 2200229 4500001002100000005001500021035002000036007000300056008004100059020002200100082001000122084001600132100001600148245009400164250001300258260004400271300003400315650001900349700001800368990001000386990001000396INLIS00000000001020320220120120042 a0010-0122000009ta220120 g 0 ind  a978-602-425-991-4 a371.3 a371.3 ATE m0 aAtep Sujana1 aModel - model pembelajaran :bInovatif teori dan implementasi /cDr.H. Atep Sujana, M.Pd. aCet ke-1 aDepok :bPT RajaGrafindo Persada,c2020 a233 hlm :bIlus ;c23 x 15 cm aMetode Belajar0 aWahyu Sopandi a54140 a54141